000 00788nam a2200217Ia 4500
003 GCL
008 140319s9999 xx 000 0 ara d
040 _aGCL /
_cGCL
082 0 4 _a149.9
_bب ر
100 1 _aاحمد حسان
245 1 0 _aراية التمرد :
_bالاممية المواقفية فى العصر ما بعد الحداثى /
_cاحمد حسان
700 1 _aبلانت، سادى
260 _aالقاهرة :
_bالمجلس الاعلى للثقافة ،
_c1999
300 _a223 ص ؛
_c24 سم
490 _aالمشروع القومى للترجمة
_v113
650 0 4 _aالفلسفة
650 0 4 _aالحركات الفكرية
650 0 4 _aالفلسفة - نظريات
650 0 4 _aالاممية المواقفية (فلسفة)
942 _2ddc
_cBK
999 _c4531
_d4531